Riadenie ľudských zdrojov v systéme krízového manažmentu verejnej správy

Ľudské zdroje v systéme krízového manažmentu. Logické členenie verejnej správy. Súčasné bariéry v riadení ľudských zdrojov. Návrh zavedenia modelu New public management do verejnej správy.

Saved in:
Bibliographic Details
Main Author: Brezina, Daniel
Other Authors: Valášková, Zuzana
Format: Book Chapter
Language:Slovak
Subjects:
Tags: Add Tag
No Tags, Be the first to tag this record!

MARC

LEADER 00000naa a2200000 4500
001 0241300
005 20220718123950.3
041 0 |a slo 
044 |a SK 
245 1 0 |a Riadenie ľudských zdrojov v systéme krízového manažmentu verejnej správy  |c Daniel Brezina, Zuzana Valášková 
520 |a Ľudské zdroje v systéme krízového manažmentu. Logické členenie verejnej správy. Súčasné bariéry v riadení ľudských zdrojov. Návrh zavedenia modelu New public management do verejnej správy. 
610 2 0 |a manažment krízový 
610 2 0 |a riadenie ľudských zdrojov 
610 2 0 |a správa verejná 
610 2 0 |a správa štátna 
610 2 0 |a správa verejná elektronická 
610 2 0 |a manažment verejnej správy 
100 1 |a Brezina, Daniel 
700 1 |a Valášková, Zuzana